1282 1272 1157 1552 1036 1446 1662 1044 1679 1678 1804 1401 1613 1628 1599 1368 1749 1775 1943 1732 1183 1485 1534 1445 1973 1027 1035 1553 1387 1433 1340 1868 1442 1995 1969 1364 1905 1998 1380 1651 1565 1129 1107 1249 1864 1480 1483 1292 1990 1310 1014 1109 1524 1357 1549 1256 1686 1714 1067 1287 1646 1134 1114 1054 1715 1061 1037 1648 1277 1465 1012 1939 1106 1491 1616 1105 1546 1390 1668 1765 1809 1112 1998 1408 1764 1099 1594 1474 1691 1876 1744 1569 1221 1952 1404 1272 1543 1058 1143 BCNSPRNW ULIB Ver.6.0+V

เปลี่ยนเป็นภาษาไทย

Change to English
 แสดงรายละเอียดบรรณานุกรม
  กลับหน้าหลัก

Brief Record : Get Marc (ISO 2709) : E-mail record : QR code < ปิดหน้าต่าง
LEADER : 00000nam 2200000uu 4500
001    13399112318
003     ULIB
008    110627s2554||||th 000 0 tha d
020    9786160602858
090    นว.^bอ524ส 2554
100 0  อัญชรีย์
245 00 สูตรร้ายหมายใจเธอ/^cอัญชรีย์
250    พิมพ์ครั้งที่ 3
260    กรุงเทพฯ :^bแจ่มใส,^c2554
300    212 หน้า
710 1  แจ่มใส
945    ^p149^l0^i030404
995    ทศพร
999 ^a ใช้งานได้ทุกระบบ
รายการนี้ยังไม่มีแท็ก
คุณยังไม่ได้ล็อกอิน คุณสามารถมีกิจกรรมร่วมกับเว็บไซต์ได้ แต่ต้องล็อกอินก่อน ::
  ล็อกอิน

รายการสื่อสารสนเทศ

ลำดับที่ ประเภท เลขเรียก/บาร์โค้ด สถานที่ สถานะ
- ไม่พบข้อมูล -

รายการใกล้เคียง
    ผู้แต่ง [อัญชรีย์]

BibComment


ยังไม่เคยถูกคอมเมนท์

คอมเมนท์ทรัพยากรรายการนี้
  คอมเมนท์: สูตรร้ายหมายใจเธอ..


 Copyright 2026. Bcnsprnw @Library